[Event "Titled Tuesday intern op 21st Mar Late"]
[Site "Chess.com INT"]
[Date "2023.03.21"]
[Round "1"]
[White "Daroczi, Donat"]
[Black "Preotu, Razvan"]
[Result "0-1"]
[WhiteElo "2240"]
[BlackElo "2483"]
[PlyCount "74"]
[EventDate "2023.03.21"]
[EventType "swiss (blitz)"]
[EventRounds "11"]
[EventCountry "USA"]
[SourceTitle "EXT 2024"]
[Source "ChessBase"]
[SourceDate "2023.10.10"]
[SourceVersion "1"]
[SourceVersionDate "2023.10.10"]
[SourceQuality "1"]

1. Nf3 c5 2. g3 Nc6 3. Bg2 e5 4. 0-0 d5 5. c4 Nf6 6. d3 Be7 7. Re1 0-0 8. cxd5 Nxd5 9. Nc3 Be6 10. Bd2 h6 11. Nxd5 Bxd5 12. Bc3 Qd6 13. Nd2 Bxg2 14. Kxg2 b5 15. a3 a5 16. Ne4 Qd5 17. f3 a4 18. Bd2 Nd4 19. Nc3 Qb7 20. Be3 Nb3 21. Rb1 Rfd8 22. Ne4 c4 23. Qc2 cxd3 24. exd3 Rac8 25. Qe2 b4 26. axb4 Bxb4 27. Red1 Rc6 28. Bd2 Rc2 29. Qe3 f5 30. Nc3 Bxc3 31. bxc3 a3 32. Qxe5 Qf7 33. Rxb3 Qxb3 34. Kg1 a2 35. Qa5 Qd5 36. Qa4 Qxd3 37. Qb3+ Kh7 0-1

[Event "Titled Tuesday intern op 21st Mar Late"]
[Site "Chess.com INT"]
[Date "2023.03.21"]
[Round "3"]
[White "Zhurbinsky, David J"]
[Black "Daroczi, Donat"]
[Result "1-0"]
[WhiteElo "2045"]
[BlackElo "2240"]
[PlyCount "125"]
[EventDate "2023.03.21"]
[EventType "swiss (blitz)"]
[EventRounds "11"]
[EventCountry "USA"]
[SourceTitle "EXT 2024"]
[Source "ChessBase"]
[SourceDate "2023.10.10"]
[SourceVersion "1"]
[SourceVersionDate "2023.10.10"]
[SourceQuality "1"]

1. e4 g6 2. d4 Nf6 3. e5 Nh5 4. Nc3 d6 5. exd6 cxd6 6. Bc4 Bg7 7. Nf3 0-0 8. h3 Nc6 9. Be3 a6 10. a3 b5 11. Ba2 Bb7 12. Qd2 b4 13. axb4 Nxb4 14. Bb3 Nf6 15. Qe2 a5 16. 0-0-0 Bc6 17. d5 a4 18. Bc4 Bd7 19. Bd4 a3 20. bxa3 Rxa3 21. Kb2 Qa5 22. Ra1 Ra8 23. Rab1 Nfxd5 24. Bxg7 Kxg7 25. Nxd5 Nxd5 26. Bxd5 Qxd5 27. Kc1 Bf5 28. Qd2 Qc5 29. Qd4+ Qxd4 30. Nxd4 Be4 31. f3 Bd5 32. Kd2 R8a4 33. Nb5 Ra2 34. Nc3 Ra5 35. Nxa2 Rxa2 36. Ra1 Rb2 37. Rhb1 Rxb1 38. Rxb1 Be6 39. g4 Kf6 40. Ke3 Ke5 41. f4+ Kd5 42. Kd3 h5 43. f5 gxf5 44. gxh5 f4 45. h6 Bxh3 46. Rh1 Bf5+ 47. Ke2 Bh7 48. Kf3 e5 49. Ke2 Ke4 50. Ra1 Kf5 51. Rg1 e4 52. Rg7 Bg6 53. h7 Bxh7 54. Rxh7 d5 55. Rxf7+ Ke5 56. c3 Ke6 57. Rxf4 Ke5 58. Rh4 d4 59. cxd4+ Kxd4 60. Kd2 Kd5 61. Ke3 Ke5 62. Rxe4+ Kf5 63. Rb4 1-0